Principles of database systems

The comprehensive treatment of the theory and general principles relevant to database systems, as well as the many examples, exercises, and bibliographic notes included in each chapter, should make this book useful for database courses and for practising computer scientists.

Sparad:
Bibliografiska uppgifter
Huvudupphovsman: Ullman, Jeffrey D.
Materialtyp: Bok
Språk:Undetermined
Publicerad: Rockville, Md. Computer Science Press 1982
Ämnen:
Taggar: Lägg till en tagg
Inga taggar, Lägg till första taggen!
Thư viện lưu trữ: Trung tâm Học liệu Trường Đại học Cần Thơ
LEADER 00816nam a2200193Ia 4500
001 CTU_232453
008 210402s9999 xx 000 0 und d
082 |a 001.64 
082 |b U42 
100 |a Ullman, Jeffrey D. 
245 0 |a Principles of database systems 
245 0 |c Jeffrey D. Ullman 
260 |a Rockville, Md. 
260 |b Computer Science Press 
260 |c 1982 
520 |a The comprehensive treatment of the theory and general principles relevant to database systems, as well as the many examples, exercises, and bibliographic notes included in each chapter, should make this book useful for database courses and for practising computer scientists. 
650 |a Hệ thống dữ liệu,Database systems 
910 |b dqhieu 
980 |a Trung tâm Học liệu Trường Đại học Cần Thơ